000 00231nam a22000857a 4500
008 170206b xxu||||| |||| 00| 0 eng d
100 _92783
_aMittal.R.S.et al
245 _aLab Manual Science-IX
260 _aNew Delhi
_bArc Pblication
_c2016
999 _c5981
_d5981